Thế giới nghệ thuật trong tiểu thuyết Đoàn Lê

Tiểu thuyết Đoàn Lê trong sự đổi mới thế giới nghệ thuật của tiểu thuyết Việt Nam đương đại. Bức tranh cuộc sống xã hội Việt Nam trong tiểu thuyết Đoàn Lê. Một số thủ pháp nghệ thuật trong tiểu thuyết Đoàn Lê.

Enregistré dans:
Détails bibliographiques
Auteur principal: Lê Thị Oanh
Autres auteurs: Nguyễn Khắc Sính TS. (Hướng dẫn)
Format: Livre
Langue:Vietnamese
Publié: Đà Nẵng Đại học Đà Nẵng 2015
Sujets:
Tags: Ajouter un tag
Pas de tags, Soyez le premier à ajouter un tag!
Thư viện lưu trữ: Mạng thư viện Đại học Đà Nẵng
LEADER 01788nam a2200373 4500
001 000023797
003 20250
005 20160325100329.0
008 160309s2015 viesd
041 |a vie 
082 1 4 |a 895.922334  |b LÊ-O 
100 1 |a Lê Thị Oanh 
245 1 |a Thế giới nghệ thuật trong tiểu thuyết Đoàn Lê  |c Lê Thị Oanh ; Nguyễn Khắc Sính hướng dẫn.  |k Luận văn Thạc sĩ 
260 |a Đà Nẵng  |b Đại học Đà Nẵng  |c 2015 
300 |a 102 tr. ; phụ lục 5 tr.  |c 29 cm.  |e Tóm tắt 
500 |a Luận văn thạc sĩ Khoa học xã hội và nhân văn. Chuyên ngành: Văn học Việt Nam. Mã số: 60.22.01.21 
520 3 |a Tiểu thuyết Đoàn Lê trong sự đổi mới thế giới nghệ thuật của tiểu thuyết Việt Nam đương đại. Bức tranh cuộc sống xã hội Việt Nam trong tiểu thuyết Đoàn Lê. Một số thủ pháp nghệ thuật trong tiểu thuyết Đoàn Lê. 
600 1 4 |a Đoàn Lê  |d 1943- 
650 0 4 |a Tiểu thuyết Việt Nam  |v Luận văn tốt nghiệp  |x Nghệ thuật  |z Việt Nam 
653 |a Tiểu thuyết Việt Nam 
653 |a Đoàn Lê 
653 |a Văn học Việt Nam 
653 |a Nghệ thuật 
700 1 |a Nguyễn Khắc Sính  |c TS.  |e Hướng dẫn 
OWN |a LSP 
AVA |a UDN50  |b LSP  |d 895.922334 LÊ-O  |e available  |t Error 5001 Not defined in file expand_doc_bib_avail.  |f 1  |g 0  |h N  |i 0  |k 1 
999 |a From the UDN01 
AVA |a UDN50  |b LSP  |d 895.922334 LÊ-O  |e available  |t Error 5001 Not defined in file expand_doc_bib_avail.  |f 1  |g 0  |h N  |i 0  |k 1 
TYP |a Monograph 
TYP |a Printed language 
980 |a Mạng thư viện Đại học Đà Nẵng